David Copperfield/ (Record no. 211473)

MARC details
000 -LEADER
fixed length control field 00500nam a2200181 a 4500
005 - DATE AND TIME OF LATEST TRANSACTION
control field 20250530161651.0
010 ## - LCCN (DPL NO)
LC control number ENG-145078
020 ## - INTERNATIONAL STANDARD BOOK NUMBER
Terms of availability 299.00
International Standard Book Number 9789386473684
035 ## - SYSTEM CONTROL NUMBER
System control number EN-128610
037 ## - SOURCE OF ACQUISITION
Source of stock number/acquisition DBAD
082 ## - DEWEY DECIMAL CLASSIFICATION NUMBER
Classification number N
100 ## - MAIN ENTRY--PERSONAL NAME
Personal name Dickens, Charles
245 ## - TITLE STATEMENT
Title David Copperfield/
Statement of responsibility, etc by Charles Dickens
260 ## - PUBLICATION, DISTRIBUTION, ETC. (IMPRINT)
Place of publication, distribution, etc New Delhi
Name of publisher, distributor, etc Vistasta Publishing
Date of publication, distribution, etc 2019
270 ## - ADDRESS
Address 2/15 Ansari Road, Daryaganj,
City New Delhi
Postal code 110002
300 ## - PHYSICAL DESCRIPTION
Extent 199p.
Dimensions 22cm(pb)
942 ## - ADDED ENTRY ELEMENTS (KOHA)
Source of classification or shelving scheme Dewey Decimal Classification
Item type English Books
Classification part N
Call number suffix DIC
Holdings
Withdrawn status Lost status Not for loan Collection code Home library Current library Date acquired Source of acquisition Cost, normal purchase price Full call number Barcode Copy number Cost, replacement price Koha item type
      Non-fiction RC3 Shakur Pur RC3 Shakur Pur 30/05/2025 Delivery of Books Act Division 299.00 N DIC EN-128610 1 299.00 English Books

© Delhi Public Library
Hit Counter
free hit counter